00701nam a2200229Ia 450000500170000000800410001702000060005808200130006410000230007724501060010026000580020630000140026465000120027865000130029065000150030365000120031865000110033065000120034194200060035395200970035999900150045620250107004709.0240331s9999 xx 000 0 und d a  bANNa950 aAriyapala, M.B. Co 0aAnnotated index of the Articles in the journals of the royal asiaticsociety of Sri Lanka :b1845-1989 aColombobThe Royal Asiatic Society of Sri Lankac1989 a332 p .,  aHistory aReligion aLiterature aGeology aBotany aZoology cL 001040708LaWERCLbWERCLcSSCd2024-03-31l0o 950.05 ANNp464r2024-03-31w2024-03-31yL c3524d3524